000
00303nam a2200109Ia 4500
008
160531s9999 xx 000 0 und d
100
_a
Östborn, Per.
245
2
_a
A Strict Epistemic Approach to Physics
245
_c
by Per Östborn
260
_c
2016
856
_u
http://arxiv.org/pdf/1601.00680v2.pdf
999
_c
295274
_d
295274